| 000 | 00446nam a2200181Ia 4500 | ||
|---|---|---|---|
| 003 | GCL | ||
| 008 | 140319s9999 xx 000 0 eng d | ||
| 040 |
_aGCL / _cGCL |
||
| 082 | 0 | 4 |
_a725.17 _bM R |
| 100 | 1 | _aMICHELL,GEORGE | |
| 245 | 1 | 0 |
_aTHE ROYAL PALACES OF INDIA / _cMICHELL,GEORGE |
| 260 |
_a[S.N] : _bTHAMES AND HUDSON ، _c1994 |
||
| 300 | _a232 | ||
| 650 | 0 | 4 | _aPALACES |
| 650 | 0 | 4 | _aARCHITECTURE |
| 650 | 0 | 4 | _aINDIA |
| 942 |
_2ddc _cBK |
||
| 999 |
_c24011 _d24011 |
||